Granting and renegotiating infrastructure concessions : (Record no. 3928)

MARC details
000 -LEADER
fixed length control field 01122cam a22003134a 4500
001 - CONTROL NUMBER
control field 13483410
003 - CONTROL NUMBER IDENTIFIER
control field OSt
005 - DATE AND TIME OF LATEST TRANSACTION
control field 20230704160553.0
008 - FIXED-LENGTH DATA ELEMENTS--GENERAL INFORMATION
fixed length control field 040206s2004 dcu b i001 0 eng
010 ## - LIBRARY OF CONGRESS CONTROL NUMBER
LC control number 2004044098
020 ## - INTERNATIONAL STANDARD BOOK NUMBER
International Standard Book Number 0821357921 (pbk.)
040 ## - CATALOGING SOURCE
Original cataloging agency DLC
Transcribing agency DLC
Modifying agency DLC
042 ## - AUTHENTICATION CODE
Authentication code pcc
043 ## - GEOGRAPHIC AREA CODE
Geographic area code d------
082 00 - DEWEY DECIMAL CLASSIFICATION NUMBER
Classification number 363.6
Item number GUA
100 1# - MAIN ENTRY--PERSONAL NAME
Personal name Guasch, J. Luis.
245 10 - TITLE STATEMENT
Title Granting and renegotiating infrastructure concessions :
Remainder of title doing it right /
Statement of responsibility, etc. J. Luis Guasch.
260 ## - PUBLICATION, DISTRIBUTION, ETC. (IMPRINT)
Place of publication, distribution, etc. Washington, D.C. :
Name of publisher, distributor, etc. World Bank,
Date of publication, distribution, etc. c2004.
300 ## - PHYSICAL DESCRIPTION
Extent xiii, 194 p. ;
Dimensions 24 cm.
440 #0 - SERIES STATEMENT/ADDED ENTRY--TITLE
Title WBI development studies
504 ## - BIBLIOGRAPHY, ETC. NOTE
Bibliography, etc Includes bibliographical references (p. 183-190) and index.
650 #0 - SUBJECT ADDED ENTRY--TOPICAL TERM
Topical term or geographic name as entry element Public contracts
Geographic subdivision Developing countries.
650 #0 - SUBJECT ADDED ENTRY--TOPICAL TERM
Topical term or geographic name as entry element Public works
Geographic subdivision Developing countries
General subdivision Finance.
650 #0 - SUBJECT ADDED ENTRY--TOPICAL TERM
Topical term or geographic name as entry element Infrastructure (Economics)
Geographic subdivision Developing countries.
650 #0 - SUBJECT ADDED ENTRY--TOPICAL TERM
Topical term or geographic name as entry element Privatization
Geographic subdivision Developing countries.
906 ## - LOCAL DATA ELEMENT F, LDF (RLIN)
a 7
b cbc
c orignew
d 1
e ocip
f 20
g y-gencatlg
942 ## - ADDED ENTRY ELEMENTS (KOHA)
Source of classification or shelving scheme Dewey Decimal Classification
Koha item type Books
Holdings
Withdrawn status Lost status Source of classification or shelving scheme Damaged status Not for loan Home library Current library Date acquired Total Checkouts Full call number Barcode Date last seen Price effective from Koha item type
    Dewey Decimal Classification     County Hall Archives County Hall Archives 07/04/2023   363.6 GUA 10013485 07/04/2023 07/04/2023 Books
LIBRARY OPENING HOURS

When the Parliament is sitting: 8.00a.m - 7.00p.m or until the house adjourns
Mondays and Fridays and when the House is on Recess:  8.00a.m - 5.00p.m
Closed on Weekends and Public Holidays

Online Public Access Catalog (OPAC)
Website: http://www.parliament.go.ke
Bunge Library: https://libraryir.parliament.go.ke
Contact: library@parliament.go.ke | Tel no: (254-2)2221291 or 2848000 Ext 5043